| 000 | 00794nam a2200289Ia 4500 | ||
|---|---|---|---|
| 008 | 170203s9999 xx 000 0 und d | ||
| 020 | _a9780545103749 | ||
| 050 | _aFic | ||
| 050 | _bS857h | ||
| 100 | _aStilton, Geronimo. | ||
| 245 | 4 | _aThe haunted castle / | |
| 245 | _cGeronimo Stilton ; translated by Julia Heim. | ||
| 260 | _aNew York : | ||
| 260 | _bScholastic, | ||
| 260 | _c2011 | ||
| 300 | _a109 pages : | ||
| 300 | _bcolor illustrations ; | ||
| 300 | _c20 cm. | ||
| 440 | _aGeronimo Stilton ; | ||
| 440 | _v#46. | ||
| 500 | _aTranslation of: Ritorno a rocco taccagna. | ||
| 650 | _aComic books, strips, etc. | ||
| 650 | _aMice -- | ||
| 650 | _aStilton, Geronimo (Fictitious character) -- | ||
| 650 | _xJuvenile fiction. | ||
| 650 | _xJuvenile fiction. | ||
| 999 |
_c306260 _d306260 |
||